50 Most Popular Girl Baby Names in Denmark 2016 - Statistics

General Stats
  • This quiz has been taken 320 times
  • The average score is 24 of 50
Answer Stats
No. Popularity No. Number of kids Name % Correct
8 A 402 Anna
92%
3 E 439 Emma
90%
18 S 287 Sofie
81%
1 S 480 Sofia
80%
16 O 308 Olivia
78%
31 S 231 Sara
75%
13 I 333 Isabella
72%
34 M 210 Marie
71%
5 I 428 Ida
69%
9 L 396 Laura
68%
17 V 308 Victoria
68%
4 E 438 Ella
63%
6 F 427 Freja
62%
7 C 426 Clara
61%
21 C 270 Caroline
57%
26 E 248 Emily
54%
11 J 378 Josefine
52%
2 A 447 Alma
51%
19 M 285 Maja
51%
25 E 255 Ellen
49%
22 E 268 Emilie
49%
32 F 223 Frida
49%
28 N 239 Nora
49%
50 L 140 Lea
48%
24 E 265 Esther
47%
20 M 279 Mathilde
47%
29 L 238 Lily
46%
37 L 188 Liv
44%
46 S 146 Signe
44%
14 K 327 Karla
41%
35 A 201 Astrid
39%
33 L 212 Luna
39%
12 A 365 Agnes
37%
47 E 141 Ellie
37%
39 R 179 Rosa
37%
10 A 386 Alberte
36%
44 N 151 Nanna
35%
42 A 159 Andrea
34%
23 L 266 Liva
32%
36 A 188 Asta
31%
30 M 234 Mille
29%
48 J 141 Johanne
27%
40 N 177 Naja
27%
15 L 316 Lærke
26%
27 A 246 Aya
22%
45 T 147 Tilde
22%
43 F 153 Filippa
21%
38 V 187 Vigga
19%
41 S 170 Saga
15%
49 A 140 Augusta
12%
No matching quizzes found
Score Distribution
Percent of People with Each Score
Percentile by Number Answered
Your Score History
You have not taken this quiz